Star Wars Family Tree - Statistics

General Stats
  • This quiz has been taken 219 times
    146 since last reset
  • The average score is 16 of 23
Answer Stats
Relationship No Relation Name % Correct
Family Relationship #4 Son of #1 and #3 Luke Skywalker
100%
Family Relationship #1 Chosen One of the Jedi Order Anakin Skywalker
99%
Family Relationship #5 Daughter of #1 and #3 Leia Organa
97%
Family Relationship #3 Wife of #1 Padme Amidala
97%
Family Relationship #8 Husband of #5 Han Solo
92%
Training Relationship #16 Master of #1 and #4 Obi Wan Kenobi
91%
Training Relationship #19 Master of #4 and #18 Yoda
90%
Family Relationship #9 Son of #5 and #8 Kylo Ren
88%
Family Relationship Darth Vader
86%
Family Relationship #10 Adoptive father of #4 Owen Lars
86%
Training Relationship #20 Master of #1 and #21 Palpatine
84%
Training Relationship #17 Master of #16 Qui-Gon Jin
83%
Training Relationship #18 Master of #17 Count Dooku
81%
Family Relationship #6 Adoptive father of #5 Bail Organa
80%
Family Relationship #2 Mother of #1 Shmi Skywalker
80%
Family Relationship #11 Adoptive mother of #4 Beru Lars
75%
Training Relationship #21 Apprentice of #20 Darth Maul
75%
Family Relationship #15 Granddaughter of #20 Rey
73%
Training Relationship #22 Strandcast of #20 Snoke
27%
Family Relationship #12 Stepfather of #1 Cliegg Lars
24%
Family Relationship #7 Adoptive mother of #5 Breha Organa
15%
Family Relationship #14 Mother of #3 Jobal Naberrie
7%
Family Relationship #13 Father of #3 Ruwee Naberrie
7%
No matching quizzes found
Score Distribution
Percent of People with Each Score
Percentile by Number Answered
Your Score History
You have not taken this quiz since the last reset